[Event "SVK 3.liga A2"]
[Site "?"]
[Date "2019.10.06"]
[Round "1.4"]
[White "Kovacocy, Pavel"]
[Black "Hrubsa, Marian"]
[Result "1-0"]
[WhiteElo "2266"]
[BlackElo "1870"]
[Annotator ",Jozef"]
[PlyCount "115"]
[EventDate "2019.10.06"]

1. e4 e6 2. d4 d5 3. Nc3 Nf6 4. Bg5 Be7 5. e5 Nfd7 6. Bxe7 Qxe7 7. Qd2 Nc6 8.
Nf3 Nb6 9. b3 O-O 10. Be2 Bd7 11. O-O f6 12. exf6 Qxf6 13. Rad1 a6 14. a4 Be8
15. Qg5 Nd7 16. Rfe1 Bg6 17. Rd2 Nb4 18. Bd1 c5 19. dxc5 Qxc3 20. Rxe6 Nxc5 21.
Re3 Qf6 22. Rxd5 Qxg5 23. Rxg5 b6 24. c3 Rad8 25. Be2 Nc2 26. Re7 Nxb3 27. Bc4+
Bf7 28. h4 Nd2 29. Nxd2 Rxd2 30. h5 h6 31. Rg6 b5 32. axb5 axb5 33. Bb3 Na1 34.
Be6 Rdd8 35. Ra7 Nc2 36. Rg4 Rd6 37. Bb3 Ne1 38. Rxf7 Rxf7 39. Re4 Kf8 40. Bxf7
Kxf7 $11 41. Rxe1 Rc6 42. Re3 Kf6 43. g4 Kg5 44. f3 Kf4 45. Kf2 Rc4 46. Rd3 Ra4
47. Rd4+ Ke5 48. f4+ Ke6 49. Ke3 Ra3 50. Kd3 Ra1 51. Re4+ Kd6 52. Re5 Rf1 53.
Ke4 Rc1 54. Rxb5 Rxc3 55. Rb7 Rc4+ 56. Kf5 Rc5+ 57. Kg6 Rc4 58. Rf7 1-0

[Event "SVK 3.liga A2"]
[Site "?"]
[Date "2019.10.06"]
[Round "1.4"]
[White "Vogl, Zdenek"]
[Black "Puchart, Vladimir"]
[Result "0-1"]
[WhiteElo "1859"]
[BlackElo "2016"]
[PlyCount "72"]
[EventDate "2019.10.06"]

1. e4 c5 2. Nf3 d6 3. d4 cxd4 4. Nxd4 Nf6 5. Nc3 a6 6. Bd3 e5 7. Nde2 Be6 8. f4
Qc7 9. f5 Bc4 10. b3 d5 11. Bg5 Bxd3 12. Qxd3 dxe4 13. Nxe4 Bb4+ 14. Bd2 Bxd2+
15. Nxd2 O-O 16. Ne4 Nxe4 17. Qxe4 Qa5+ 18. Kf2 Qc5+ 19. Kf3 Nd7 20. Ng3 Nf6
21. Qe2 e4+ 22. Kf4 Qc7+ 23. Ke3 Qc3+ 24. Kf4 Rae8 25. Rhf1 h6 26. Rad1 g5+ 27.
fxg6 fxg6 28. Qc4+ Nd5+ 29. Kg4 Qxc4 30. bxc4 Ne3+ 31. Kh3 Rxf1 32. Rd6 Rf2 33.
Rxg6+ Kh7 34. Rb6 Re7 35. c5 Rxc2 36. Nh5 Nc4 0-1

[Event "SVK 3.liga A2"]
[Site "?"]
[Date "2019.10.06"]
[Round "1.4"]
[White "Vlkovic, Pavol"]
[Black "Vach, Jozef"]
[Result "1/2-1/2"]
[WhiteElo "1841"]
[BlackElo "1704"]
[PlyCount "78"]
[EventDate "2019.10.06"]

1. e4 e5 2. Nf3 Nc6 3. Bc4 Be7 4. d3 d6 5. c3 Nf6 6. Nbd2 O-O 7. h3 Na5 8. Bb5
Bd7 9. Bxd7 Nxd7 10. b4 Nc6 11. Nf1 a6 12. Ne3 Nf6 13. O-O Re8 14. Nf5 Bf8 15.
Nh2 Ne7 16. g4 Nxf5 17. gxf5 Be7 18. Kh1 Kh8 19. Qf3 Rg8 20. Rg1 d5 21. Bg5 c6
22. a3 Qd6 23. Rgd1 Rad8 24. Be3 Qc7 25. Ng4 Rd7 26. Rac1 Rgd8 27. Rg1 dxe4 28.
dxe4 Rd3 29. Qg2 Nxg4 30. Qxg4 Bf6 31. Qe2 R3d7 32. Rg4 Rg8 33. Rcg1 Rdd8 34.
a4 Qe7 35. Bb6 Rd7 36. Bc5 Qe8 37. Be3 Qd8 38. Bg5 Qe7 39. Qf3 Rdd8 1/2-1/2

[Event "SVK 3.liga A2"]
[Site "?"]
[Date "2019.10.06"]
[Round "1.4"]
[White "Krakovsky, Peter"]
[Black "Vagovsky, Jozef"]
[Result "1/2-1/2"]
[WhiteElo "1652"]
[BlackElo "1783"]
[PlyCount "75"]
[EventDate "2019.10.06"]

1. c4 Nf6 2. d4 e6 3. Nf3 d5 4. e3 c5 5. Nc3 Nc6 6. Bd3 cxd4 7. exd4 dxc4 8.
Bxc4 Be7 9. O-O O-O 10. Be3 a6 11. a3 b5 12. Bd3 Bb7 13. b4 Rc8 14. Rc1 Nb8 15.
Ne5 Nbd7 16. Nxd7 Qxd7 17. Qe2 h6 18. f3 Nd5 19. Nxd5 Bxd5 20. Rfd1 Bb3 21. Bc2
Rxc2 22. Rxc2 Bxc2 23. Qxc2 Rc8 24. Qd2 Qc6 25. Rc1 Qxc1+ 26. Qxc1 Rxc1+ 27.
Bxc1 $11 Bf6 28. Bb2 Kf8 29. Kf2 Ke7 30. Ke3 Kd6 31. Ke4 Bh4 32. g4 g6 33. Bc1
f5+ 34. gxf5 gxf5+ 35. Kd3 Bg5 36. Bxg5 hxg5 37. Kc3 Kc6 38. Kd2 $11 1/2-1/2

[Event "SVK 3.liga A2"]
[Site "?"]
[Date "2019.10.06"]
[Round "1.4"]
[White "Hornak, Pavol"]
[Black "Petrek, David"]
[Result "0-1"]
[WhiteElo "1742"]
[BlackElo "1655"]
[PlyCount "86"]
[EventDate "2019.10.06"]

1. d4 d5 2. c4 e6 3. Nf3 Nf6 4. g3 dxc4 5. Qa4+ Nc6 6. Qxc4 Nd5 7. a3 Nb6 8.
Qd3 Be7 9. Bg2 Bf6 10. e3 O-O 11. O-O e5 12. Rd1 Bg4 13. h3 Bh5 14. d5 e4 15.
Qe2 exf3 16. Bxf3 Bxf3 17. Qxf3 Ne5 18. Qe2 Qd7 19. Kg2 Rad8 20. Nc3 c6 21. Ne4
Be7 22. d6 Bf6 23. Nxf6+ gxf6 24. b3 Qe6 25. f4 Ng6 26. Qd3 Nd7 27. f5 Qe5 28.
Rb1 Nc5 29. Qc2 Ne4 30. fxg6 Qxg3+ 31. Kf1 Qxh3+ 32. Kg1 Qg4+ 33. Kf1 Qxg6 34.
Rb2 Nxd6 35. Qe2 Nf5 36. Rxd8 Rxd8 37. Qe1 Ng3+ 38. Kf2 Ne4+ 39. Kf1 Qf5+ 40.
Kg1 Kh8 41. Rg2 Ng5 42. Qe2 Nf3+ 43. Kh1 Qh3+ 0-1

[Event "SVK 3.liga A2"]
[Site "?"]
[Date "2019.10.06"]
[Round "1.4"]
[White "Antalek, Rudolf"]
[Black "Kavuljak, Alojz"]
[Result "0-1"]
[WhiteElo "1705"]
[BlackElo "1668"]
[PlyCount "114"]
[EventDate "2019.10.06"]

1. c4 d6 2. Nc3 g6 3. g3 Bg7 4. Bg2 c6 5. d4 Nf6 6. e3 Na6 7. Nge2 Bd7 8. O-O
O-O 9. a3 Nc7 10. b4 a6 11. Rb1 Rb8 12. Bb2 b5 13. cxb5 cxb5 14. Qb3 Na8 15.
Nf4 Nb6 16. Rfd1 Nc4 17. Ne4 Bf5 18. f3 Bxe4 19. fxe4 e6 20. d5 e5 21. Ne2 Qb6
22. Rd3 Bh6 23. Bc1 Ng4 24. Kh1 Nf2+ 25. Kg1 Nxd3 26. Qxd3 Bxe3+ 27. Bxe3 Qxe3+
28. Qxe3 Nxe3 29. Bh3 h5 30. Rc1 Nc4 31. Nc3 Rfd8 32. a4 bxa4 33. Nxa4 Rxb4 34.
Nc3 Nd2 35. Ra1 Ra8 36. Bg2 a5 37. Ra2 Nb3 38. Bf1 Nd4 39. Kf2 a4 40. Ke3 a3
41. Kd2 Rb2+ 42. Rxb2 axb2 43. Bd3 Rb8 44. h3 Kg7 45. Ke3 g5 46. Kd2 f6 47. Ke3
Kf7 48. Kd2 Ke7 49. Ke3 Kd7 50. Kd2 Kc7 51. Bb1 Kb6 52. Ke3 Ka5 53. Kd2 Kb4 54.
Bd3 Nf3+ 55. Kc2 Ne1+ 56. Kd2 Nxd3 57. Kxd3 Ka3 0-1

[Event "SVK 3.liga A2"]
[Site "?"]
[Date "2019.10.06"]
[Round "1.5"]
[White "Babirat, Michal"]
[Black "Kalmar, Tamas"]
[Result "1/2-1/2"]
[WhiteElo "1863"]
[BlackElo "2069"]
[PlyCount "84"]
[EventDate "2019.10.06"]

1. c4 Nf6 2. Nc3 e6 3. d4 d5 4. Nf3 c6 5. cxd5 exd5 6. Bg5 Nbd7 7. e3 Qa5 8.
Bd3 Ne4 9. Qc2 Nxg5 10. Nxg5 h6 11. Nf3 Bd6 12. a3 Nf6 13. O-O Qc7 14. b4 O-O
15. Rfc1 Qe7 16. Na4 Re8 17. Nc5 b6 18. Nb3 Bb7 19. h3 Rac8 20. Qb2 Ne4 21.
Nfd2 Ng5 22. Bf5 Rcd8 23. Bg4 Ne4 24. Nxe4 Qxe4 25. Qc2 Qe7 26. Re1 g6 27. Rac1
Kg7 28. Nd2 a5 29. bxa5 Bxa3 30. axb6 Bxc1 31. Rxc1 Ra8 32. Qc5 Qxc5 33. dxc5
f5 34. Bd1 f4 35. exf4 Re1+ 36. Kh2 Ra2 37. Nf3 Re4 38. Bb3 Rb2 39. Bxd5 cxd5
40. c6 Rxb6 41. cxb7 Rxf4 42. Rc5 Rxb7 1/2-1/2

[Event "SVK 3.liga A2"]
[Site "?"]
[Date "2019.10.06"]
[Round "1.5"]
[White "Merva, Frantisek"]
[Black "Suchan, Jozef"]
[Result "1-0"]
[WhiteElo "2053"]
[BlackElo "1725"]
[PlyCount "67"]
[EventDate "2019.10.06"]

1. d4 d5 2. Nf3 e6 3. e3 Nf6 4. Bd3 Bd6 5. O-O O-O 6. Nbd2 b6 7. Qe2 Bb7 8. Ne5
Nbd7 9. f4 c5 10. c3 a5 11. Rf3 Ne4 12. Rh3 Ndf6 13. Ndf3 h6 14. Bd2 c4 15. Bc2
b5 16. g4 Nxd2 17. Nxd2 Bxe5 18. dxe5 Ne4 19. Nf3 f6 20. Nd4 Qd7 21. Bxe4 dxe4
22. Rh5 Bd5 23. Kh1 b4 24. Rg1 Qf7 25. exf6 g6 26. Rxh6 Qxf6 27. f5 exf5 28.
gxf5 Bf7 29. Rgxg6+ Bxg6 30. Rxg6+ Qxg6 31. fxg6 bxc3 32. bxc3 Rab8 33. Qxc4+
Kg7 34. Ne6+ 1-0

[Event "SVK 3.liga A2"]
[Site "?"]
[Date "2019.10.06"]
[Round "1.5"]
[White "Drahos, Miroslav"]
[Black "Feher, Tibor"]
[Result "1-0"]
[WhiteElo "1708"]
[BlackElo "1812"]
[PlyCount "65"]
[EventDate "2019.10.06"]

1. e4 c5 2. c3 d6 3. d4 cxd4 4. cxd4 e6 5. Nf3 Nf6 6. Bd3 Be7 7. Nc3 Nc6 8. O-O
O-O 9. h3 a6 10. Be3 b5 11. a3 Bb7 12. b4 Rc8 13. Rc1 h6 14. Bb1 Re8 15. Qd3
Nh7 16. Rfd1 Rf8 17. g4 Ng5 18. Nxg5 Bxg5 19. f4 Be7 20. Ne2 f5 21. gxf5 exf5
22. exf5 Bf6 23. Ba2+ Kh8 24. Be6 Rc7 25. d5 Ne7 26. Bb6 Rxc1 27. Bxd8 Rxd1+
28. Qxd1 Rxd8 29. Qd3 Kh7 30. Nc3 Bxc3 31. Qxc3 Bxd5 32. Qc7 Bxe6 33. Qxe7 1-0

[Event "SVK 3.liga A2"]
[Site "?"]
[Date "2019.10.06"]
[Round "1.5"]
[White "Meszaros, Lorant"]
[Black "Sottnik, Filip"]
[Result "1-0"]
[WhiteElo "1959"]
[BlackElo "1684"]
[PlyCount "43"]
[EventDate "2019.10.06"]

1. d4 Nf6 2. c4 e6 3. Nf3 h6 4. g3 b6 5. Bg2 Bb7 6. O-O c5 7. e3 Qc7 8. b3 Be7
9. Nc3 Nc6 10. Nb5 Qb8 11. d5 exd5 12. cxd5 Nb4 13. d6 Bf8 14. Nc7+ Kd8 15. Ne5
Kc8 16. Bxb7+ Qxb7 17. Nxf7 Rg8 18. a3 Na6 19. Nxa8 Qxa8 20. Qd3 Nb8 21. Bb2
Ne8 22. Qh7 1-0

[Event "SVK 3.liga A2"]
[Site "?"]
[Date "2019.10.06"]
[Round "1.5"]
[White "Benkovsky, Peter"]
[Black "Szocs, Ladislav"]
[Result "0-1"]
[WhiteElo "1648"]
[BlackElo "1771"]
[PlyCount "72"]
[EventDate "2019.10.06"]

1. d4 Nf6 2. c4 g6 3. Nc3 d5 4. e3 Bg7 5. Nf3 O-O 6. Qb3 e6 7. Bd2 b6 8. cxd5
exd5 9. Bd3 c5 10. Qd1 Nc6 11. a3 Bg4 12. Bb5 Qc7 13. Bxc6 Qxc6 14. Ne5 Qc8 15.
Nxg4 Nxg4 16. Nxd5 Qd7 17. Bc3 Nxf2 18. Kxf2 Qxd5 19. Qf3 Qxf3+ 20. Kxf3 cxd4
21. Bxd4 Bxd4 22. exd4 Rad8 23. Rad1 Rd5 24. Rd2 Rfd8 25. Rhd1 f6 26. Rd3 Kf7
27. Rc3 R8d7 28. g4 Ke7 29. h4 Rxd4 30. Re3+ Kf7 31. Rde1 Rd3 32. Kf4 Rxe3 33.
Rxe3 Rd4+ 34. Kg3 f5 35. Rf3 Rxg4+ 36. Kh3 h5 0-1

[Event "SVK 3.liga A2"]
[Site "?"]
[Date "2019.10.06"]
[Round "1.5"]
[White "Both, Lajos"]
[Black "Kosticky, Simon"]
[Result "0-1"]
[WhiteElo "1712"]
[BlackElo "1719"]
[PlyCount "102"]
[EventDate "2019.10.06"]

1. Nf3 c5 2. c4 Nc6 3. b3 g6 4. Bb2 Nf6 5. g3 Bg7 6. Bg2 d6 7. O-O O-O 8. e3
Bg4 9. h3 Bxf3 10. Bxf3 Rb8 11. d4 Nd7 12. Qd2 a6 13. d5 Nce5 14. Bg2 Nb6 15.
f4 Nexc4 16. bxc4 Nxc4 17. Qe2 Bxb2 18. Qxc4 Bxa1 19. Nd2 Bg7 20. h4 b5 21. Qc2
Qa5 22. h5 Qc3 23. Qd1 Qxe3+ 24. Kh2 Qa3 25. hxg6 hxg6 26. Qg4 Bd4 27. f5 Qe3
28. Nf3 Qh6+ 29. Bh3 Kg7 30. Kg2 Bf6 31. Rh1 Rh8 32. Qe4 b4 33. Qd3 a5 34. fxg6
Qxg6 35. Bf5 Qxg3+ 36. Kxg3 Rxh1 37. Qc4 a4 38. Qg4+ Kf8 39. Kg2 Rh8 40. Kf2 b3
41. axb3 axb3 42. Ng5 Rb4 43. Qg3 Be5 44. Qd3 b2 45. Qb1 Rh5 46. Nh7+ Ke8 47.
Bc2 Rh2+ 48. Ke3 Rxc2 49. Qa2 b1=Q 50. Qa8+ Rb8 51. Qc6+ Kd8 0-1

[Event "SVK 3.liga A2"]
[Site "?"]
[Date "2019.10.06"]
[Round "1.5"]
[White "Nemcovic, Peter"]
[Black "Rozsas, Daniel"]
[Result "1-0"]
[WhiteElo "1635"]
[BlackElo "1713"]
[PlyCount "89"]
[EventDate "2019.10.06"]

1. d4 Nf6 2. c4 e6 3. Nc3 Bb4 4. Qc2 b6 5. e4 d6 6. Qa4+ Nbd7 7. Qxb4 Bb7 8.
Bd3 c5 9. Qb3 cxd4 10. Nb5 Nc5 11. Qc2 Nxd3+ 12. Qxd3 Bxe4 13. Qg3 e5 14. Bg5
a6 15. Na3 b5 16. c5 Qa5+ 17. Bd2 Qc7 18. f3 Nh5 19. Qf2 Bd3 20. cxd6 Qxd6 21.
Rc1 O-O 22. Ne2 Rfe8 23. O-O Re6 24. Rfe1 Rae8 25. f4 Bxe2 26. Rxe2 e4 27. Qe1
e3 28. Bb4 Qxf4 29. Bc5 Qe4 30. g3 f5 31. Rd1 Rd8 32. Nc2 Rc6 33. Rxe3 dxe3 34.
Rxd8+ Kf7 35. Rd7+ Kg6 36. Qd1 Nf6 37. Rd4 e2 38. Qd3 e1=Q+ 39. Nxe1 Qxe1+ 40.
Kg2 Rxc5 41. g4 Nxg4 42. Rxg4+ Kf7 43. Qd7+ Qe7 44. Rxg7+ Kxg7 45. Qxe7+ 1-0

[Event "SVK 3.liga A2"]
[Site "?"]
[Date "2019.10.06"]
[Round "1.5"]
[White "Lelkes, Geza"]
[Black "Fajnor, Dusan"]
[Result "0-1"]
[WhiteElo "1482"]
[BlackElo "1645"]
[PlyCount "94"]
[EventDate "2019.10.06"]

1. e4 c5 2. Nf3 d6 3. h3 Nf6 4. Nc3 Nc6 5. Bc4 g6 6. d3 Bg7 7. Bd2 a6 8. a4 Rb8
9. O-O O-O 10. Rb1 Bd7 11. b3 Nb4 12. Nd5 Nbxd5 13. exd5 b5 14. axb5 axb5 15.
Bxb5 Rxb5 16. c4 Rb7 17. Re1 e6 18. dxe6 fxe6 19. Qc1 Qc7 20. Bh6 e5 21. Bxg7
Kxg7 22. Qc3 Qc6 23. Nd2 Kg8 24. Ra1 Qb6 25. Ra3 Qb4 26. Qxb4 Rxb4 27. Ra7 Bf5
28. Re3 Rd8 29. Ra6 Rbb8 30. Kh2 Ra8 31. Rxa8 Rxa8 32. g4 Bd7 33. Ne4 Nxe4 34.
dxe4 Kf7 35. Kg3 g5 36. h4 h6 37. Rf3+ Ke7 38. hxg5 hxg5 39. Rc3 Ra1 40. f3 Ra3
41. Re3 Ba4 42. Kf2 Rxb3 43. Rxb3 Bxb3 44. Ke3 Bxc4 45. Kd2 Bf1 46. Ke1 Ba6 47.
Kd2 Kd7 0-1

[Event "SVK 3.liga A2"]
[Site "?"]
[Date "2019.10.06"]
[Round "1.6"]
[White "Vodicka, Michal"]
[Black "Danada, Tomas"]
[Result "0-1"]
[WhiteElo "1936"]
[BlackElo "2266"]
[PlyCount "64"]
[EventDate "2019.10.06"]

1. e4 c5 2. Nf3 d6 3. d4 cxd4 4. c3 Nf6 5. e5 dxe5 6. Nxe5 Nbd7 7. Qa4 e6 8.
Bg5 Bd6 9. cxd4 O-O 10. Bxf6 Nxf6 11. Nc3 Bd7 12. Bb5 Bxb5 13. Qxb5 Qc7 14. O-O
a6 15. Qe2 Rfd8 16. Rac1 Rac8 17. h3 Qb8 18. f4 b5 19. f5 Qa7 20. Rcd1 b4 21.
fxe6 Bxe5 22. exf7+ Kxf7 23. Ne4 Rxd4 24. Kh1 Kg8 25. Ng5 Rcd8 26. Rde1 Qd7 27.
Qxa6 Nh5 28. Rf3 h6 29. Nf7 Rd1 30. Nxh6+ Kh7 31. Rfe3 Qd4 32. Qf1 Qxe3 0-1

[Event "SVK 3.liga A2"]
[Site "?"]
[Date "2019.10.06"]
[Round "1.6"]
[White "Sosovicka, Juraj"]
[Black "Podjavorinsky, Michal"]
[Result "0-1"]
[WhiteElo "2146"]
[BlackElo "1959"]
[PlyCount "62"]
[EventDate "2019.10.06"]

1. b3 d5 2. Bb2 c5 3. e3 Nf6 4. Nf3 Nc6 5. g3 Bg4 6. Bg2 e5 7. h3 Bxf3 8. Bxf3
Bd6 9. O-O O-O 10. Bg2 Re8 11. d4 exd4 12. exd4 Nxd4 13. Bxd4 cxd4 14. Nd2 Qb6
15. a4 Ne4 16. a5 Qc5 17. Nxe4 dxe4 18. Ra4 e3 19. Qe2 Re7 20. a6 Rae8 21. axb7
h6 22. Rc4 Qb6 23. Rc8 Rd8 24. Kh1 Bb8 25. fxe3 Ree8 26. Qg4 dxe3 27. c4 e2 28.
Re1 Qf2 29. Qxe2 Qxe1+ 30. Qxe1 Rxe1+ 31. Kh2 Ree8 0-1

[Event "SVK 3.liga A2"]
[Site "?"]
[Date "2019.10.06"]
[Round "1.6"]
[White "Siska, Kristof"]
[Black "Nemsak, Denis"]
[Result "0-1"]
[WhiteElo "1816"]
[BlackElo "2046"]
[PlyCount "96"]
[EventDate "2019.10.06"]

1. e4 d5 2. exd5 Nf6 3. d4 Nxd5 4. c4 Nb6 5. Nf3 g6 6. Nc3 Bg7 7. Be3 O-O 8.
Qd2 Nc6 9. Be2 e5 10. d5 Ne7 11. Bh6 Bxh6 12. Qxh6 Nf5 13. Qd2 Re8 14. O-O e4
15. Nd4 e3 16. fxe3 Nxe3 17. Rf3 Nexc4 18. Bxc4 Nxc4 19. Qf4 Nd6 20. Ndb5 f5
21. Kh1 a6 22. Nxd6 Qxd6 23. Qc4 Bd7 24. Rc1 Re5 25. a4 Rae8 26. g3 R8e7 27. b4
Be8 28. b5 axb5 29. Nxb5 Bxb5 30. Qxb5 Qxd5 31. Qxd5+ Rxd5 32. Rb3 b6 33. Rbc3
Rdd7 34. Rc6 Kf7 35. Kg2 Ke8 36. R1c2 Kd8 37. Kf3 Rd4 38. R2c4 Rxc4 39. Rxc4
Re4 40. Rxe4 fxe4+ 41. Kxe4 Ke7 42. Ke5 c6 43. h3 b5 44. a5 Kd7 45. h4 b4 46.
Kd4 Kc7 47. Kc4 c5 48. g4 Kb7 0-1

[Event "SVK 3.liga A2"]
[Site "?"]
[Date "2019.10.06"]
[Round "1.6"]
[White "Brunovsky, Peter"]
[Black "Strapko, Tomas"]
[Result "0-1"]
[WhiteElo "1897"]
[BlackElo "1885"]
[PlyCount "76"]
[EventDate "2019.10.06"]

1. d4 Nf6 2. Nf3 g6 3. Bf4 Bg7 4. h3 c5 5. c3 cxd4 6. Nxd4 d6 7. Bh2 Qb6 8. Qb3
Nc6 9. Qxb6 axb6 10. e3 O-O 11. Nd2 Nxd4 12. exd4 Be6 13. a3 Bh6 14. Bd3 Bd5
15. f3 e5 16. dxe5 dxe5 17. Ne4 Nd7 18. O-O f5 19. Nd6 Nc5 20. Be2 e4 21. fxe4
fxe4 22. Bg3 Be3+ 23. Kh2 Bd2 24. Nc4 $11 Bxc4 25. Bxc4+ Kg7 26. Be5+ Kh6 27.
Rad1 e3 28. Rxf8 Rxf8 29. Rf1 Re8 30. Bg3 e2 31. Rf7 Ne4 32. Bxe2 Nxg3 33. Bf3
Nf5 34. Rxb7 Bf4+ 35. g3 Bxg3+ 36. Kg2 Rd8 37. Bg4 Rd2+ 38. Kf3 Rf2+ 0-1

[Event "SVK 3.liga A2"]
[Site "?"]
[Date "2019.10.06"]
[Round "1.6"]
[White "Miciak, Emanuel"]
[Black "Takacs, Zsolt"]
[Result "1-0"]
[WhiteElo "1799"]
[BlackElo "1761"]
[PlyCount "65"]
[EventDate "2019.10.06"]

1. d4 d5 2. Bf4 Nf6 3. Nf3 e6 4. e3 Bd6 5. Bd3 Bxf4 6. exf4 O-O 7. O-O b6 8.
Qe2 c5 9. c3 a5 10. Nbd2 c4 11. Bc2 b5 12. Ne5 Nfd7 13. Ndf3 Nxe5 14. fxe5 Nc6
15. h4 f5 16. exf6 Qxf6 17. Ng5 g6 18. f4 h6 19. Nf3 Bd7 20. h5 Be8 21. Ne5
Nxe5 22. fxe5 Qg7 23. Rxf8+ Kxf8 24. Qg4 Ke7 25. hxg6 b4 26. Rf1 b3 27. axb3
cxb3 28. Bd3 a4 29. Rf6 Qg8 30. Qh4 Kd7 31. Qxh6 a3 32. bxa3 Rxa3 33. Qh7+ 1-0

[Event "SVK 3.liga A2"]
[Site "?"]
[Date "2019.10.06"]
[Round "1.6"]
[White "Kubis, Ivan"]
[Black "Bzdusek, Jan"]
[Result "0-1"]
[WhiteElo "1859"]
[BlackElo "1798"]
[PlyCount "72"]
[EventDate "2019.10.06"]

1. e4 e5 2. Nf3 Nc6 3. Bb5 Nf6 4. O-O d6 5. c3 Be7 6. Re1 O-O 7. h3 a6 8. Ba4
b5 9. Bc2 Bd7 10. d4 a5 11. Nbd2 exd4 12. cxd4 Nb4 13. Bb1 c5 14. e5 dxe5 15.
dxe5 Nfd5 16. a3 Nc6 17. Ne4 Nc7 18. Qc2 g6 19. Rd1 Ne6 20. Be3 c4 21. Qd2 Bc8
22. Qc1 Qc7 23. Nd6 Bxd6 24. exd6 Qd7 25. Be4 Bb7 26. Qc3 f6 27. Bh6 Rf7 28. a4
Ncd8 29. Bxb7 Qxb7 30. axb5 Qxb5 31. Nd4 Nxd4 32. Rxd4 Nb7 33. Rad1 Rd8 34.
Rxc4 Qh5 35. Qc1 g5 36. Rc7 Rxc7 0-1

[Event "SVK 3.liga A2"]
[Site "?"]
[Date "2019.10.06"]
[Round "1.6"]
[White "Curidlo, Jan"]
[Black "Kanka, Tomas"]
[Result "1/2-1/2"]
[WhiteElo "1832"]
[BlackElo "1727"]
[PlyCount "86"]
[EventDate "2019.10.06"]

1. Nf3 Nf6 2. d4 d5 3. Bf4 Bf5 4. e3 e6 5. Nbd2 Nbd7 6. a3 c6 7. h3 h6 8. Be2
Be7 9. O-O O-O 10. c4 a5 11. Rc1 Qb6 12. Qb3 Qa6 13. Rfe1 a4 14. Qc3 Qa7 15. c5
Bd8 16. Bd3 Ba5 17. Qc2 Ne4 18. Red1 Nxd2 19. Nxd2 Bxd3 20. Qxd3 Bxd2 21. Rxd2
Rfe8 22. f3 Qa5 23. e4 e5 24. Be3 dxe4 25. fxe4 exd4 26. Bxd4 Rad8 27. Qg3 f6
28. Bc3 Qxc5+ 29. Kh1 Ne5 30. Rxd8 Rxd8 31. Rf1 Kh7 32. Qf4 Ng6 33. Qc7 Qe7 34.
Qb6 Rd3 35. Re1 Qd7 36. Qf2 Rd1 37. Qe2 Rxe1+ 38. Qxe1 Qd3 39. Kh2 Nf4 40. e5
Qc2 41. Qf1 fxe5 42. Bxe5 Ng6 43. Bc3 Qb3 1/2-1/2

[Event "SVK 3.liga A2"]
[Site "?"]
[Date "2019.10.06"]
[Round "1.6"]
[White "Zajicek, Ferdinand"]
[Black "Orvisky, Vladimir"]
[Result "0-1"]
[WhiteElo "1686"]
[BlackElo "1686"]
[PlyCount "102"]
[EventDate "2019.10.06"]

1. e4 Nf6 2. Nc3 d5 3. exd5 Nxd5 4. Qf3 e6 5. Bc4 Nb6 6. Bb3 Be7 7. Nge2 Nc6 8.
O-O O-O 9. d3 a5 10. a3 Ne5 11. Qg3 Ng6 12. Nf4 Bd6 13. Qf3 Ne5 14. Qe2 Re8 15.
Be3 c6 16. Bd4 Ng6 17. Bxb6 Qxb6 18. Nxg6 hxg6 19. Qg4 Qc7 20. g3 b5 21. Ne4
Be7 22. Ng5 Qe5 23. h4 a4 24. Rfe1 Qxb2 25. Nxf7 axb3 26. Qxg6 Qf6 27. Nh6+ Kf8
28. Qe4 Qxh6 29. Qxc6 Ra6 30. Qxb5 bxc2 31. Qc4 Rxa3 32. Rxa3 Bxa3 33. Qxc2 Qf6
34. Re3 Bd7 35. Qe2 Kg8 36. Rf3 Qe7 37. Re3 Bc5 38. Re5 Bd6 39. Rh5 Qf6 40. Qe4
Rf8 41. Qh7+ Kf7 42. Rg5 Ke8 43. Qh5+ Kd8 44. Qe2 Bc6 45. Qe3 Qf3 46. Qxf3 Rxf3
47. Rxg7 Bc5 48. h5 Bxf2+ 49. Kh2 Bd4 50. h6 Rf1 51. g4 Be5+ 0-1

[Event "SVK 3.liga A2"]
[Site "?"]
[Date "2019.10.20"]
[Round "2.1"]
[White "Skreko, Igor"]
[Black "Nemsak, Denis"]
[Result "0-1"]
[WhiteElo "1793"]
[BlackElo "2046"]
[PlyCount "52"]
[EventDate "2019.10.06"]

1. c4 e5 2. Nc3 Nc6 3. g3 f5 4. Bg2 Nf6 5. e3 d5 6. Nxd5 Nxd5 7. cxd5 Nb4 8. d3
Nxd5 9. a3 Be6 10. Ne2 Bd6 11. Qc2 O-O 12. Nc3 Nxc3 13. bxc3 c6 14. Qe2 Qf6 15.
Bd2 Rae8 16. d4 Qf7 17. Qd1 Bc4 18. f3 f4 19. gxf4 exd4 20. cxd4 Qxf4 21. Qb1
Rxe3+ 22. Kd1 Be2+ 23. Kc2 Bd3+ 24. Kc1 Bxb1 25. Bxe3 Qxe3+ 26. Kxb1 Qb3+ 0-1

[Event "SVK 3.liga A2"]
[Site "?"]
[Date "2019.10.20"]
[Round "2.1"]
[White "Danada, Ondrej"]
[Black "Longauer, Jan"]
[Result "1/2-1/2"]
[WhiteElo "1871"]
[BlackElo "1788"]
[PlyCount "58"]
[EventDate "2019.10.06"]

1. e4 e6 2. d4 d5 3. Nc3 dxe4 4. Nxe4 Bd7 5. Bg5 Be7 6. Bxe7 Qxe7 7. c3 Bc6 8.
Nc5 Nd7 9. Nxd7 Qxd7 10. Qg4 Ne7 11. Nf3 Ng6 12. h4 h5 13. Qg3 Bxf3 14. Qxf3
O-O-O 15. O-O-O Rdf8 16. d5 Qa4 17. dxe6 Qxa2 18. exf7 Rxf7 19. Qd3 Qa1+ 20.
Kc2 Qa4+ 21. Kb1 Nf4 22. Qd4 Qxd4 23. Rxd4 Re8 24. Bc4 Rf6 25. g3 Ng6 26. f4
Re3 27. Rhd1 b5 28. Bxb5 Rxg3 29. Ra4 Kb7 1/2-1/2

[Event "SVK 3.liga A2"]
[Site "?"]
[Date "2019.10.20"]
[Round "2.1"]
[White "Lopatievov, Alexander"]
[Black "Takacs, Zsolt"]
[Result "1-0"]
[WhiteElo "1846"]
[BlackElo "1761"]
[PlyCount "89"]
[EventDate "2019.10.06"]

1. e4 c5 2. c3 e5 3. Nf3 d6 4. d4 cxd4 5. cxd4 Bg4 6. Be2 Bxf3 7. Bxf3 Nf6 8.
Nc3 Be7 9. O-O Nc6 10. Be3 exd4 11. Bxd4 Nxd4 12. Qxd4 O-O 13. Rfd1 a6 14. e5
dxe5 15. Qxe5 Qe8 16. Re1 Bb4 17. Qf4 Be7 18. Qc7 Qd8 19. Rxe7 Qd2 20. Re2 Qd4
21. Rd1 Qb4 22. Qd6 Qc4 23. h3 Rab8 24. Rd4 Qc8 25. Ne4 Nxe4 26. Bxe4 Qc1+ 27.
Rd1 Qg5 28. Qb6 Rfe8 29. Rde1 g6 30. Re3 Re6 31. Qb3 Rd6 32. Bf3 b5 33. Qc3
Rdd8 34. Re7 Rf8 35. Qe5 Qd2 36. Bd5 Rbd8 37. Bb3 Rd7 38. Re8 Rd8 39. Rxf8+
Rxf8 40. Rd1 Qb4 41. Rd4 Qa5 42. Qe7 Qb6 43. Rd7 Qb8 44. Bxf7+ Kh8 45. Bxg6 1-0

[Event "SVK 3.liga A2"]
[Site "?"]
[Date "2019.10.20"]
[Round "2.1"]
[White "Kubis, Ivan"]
[Black "Zarecky, Eduard"]
[Result "1-0"]
[WhiteElo "1859"]
[BlackElo "1816"]
[PlyCount "74"]
[EventDate "2019.10.06"]

1. e4 c5 2. Nf3 Nc6 3. d4 cxd4 4. Nxd4 Nf6 5. Nc3 a6 6. Bg5 e6 7. Qd2 Be7 8.
O-O-O d6 9. f4 Qc7 10. Bxf6 gxf6 11. f5 e5 12. Nd5 Qd8 13. Nb3 Bd7 14. Nxe7
Qxe7 15. Qxd6 Qxd6 16. Rxd6 Ke7 17. Rd2 Rac8 18. Nc5 Be8 19. Nxb7 Nb8 20. Nd6
Rc6 21. Nxe8 Rxe8 22. Bd3 Nd7 23. c3 Nc5 24. Bc2 a5 25. Rhd1 h5 26. Kb1 Ra6 27.
Rd5 Rc6 28. b4 axb4 29. cxb4 Nxe4 30. Bxe4 Rc4 31. Rd7+ Kf8 32. Rxf7+ Kg8 33.
Bd5 Rcc8 34. Rxf6+ Kg7 35. Rf7+ Kh6 36. Bf3 e4 37. Rd6+ Kg5 1-0

[Event "SVK 3.liga A2"]
[Site "?"]
[Date "2019.10.20"]
[Round "2.1"]
[White "Rau, Vladimir"]
[Black "Kanka, Tomas"]
[Result "1/2-1/2"]
[WhiteElo "1692"]
[BlackElo "1727"]
[PlyCount "65"]
[EventDate "2019.10.06"]

1. d4 Nf6 2. c4 e6 3. Nc3 Bb4 4. Bd2 c5 5. e3 O-O 6. Nf3 Bxc3 7. Bxc3 Ne4 8.
Bd3 Nxc3 9. bxc3 cxd4 10. cxd4 Qa5+ 11. Nd2 b6 12. O-O Bb7 13. Be4 d5 14. cxd5
Bxd5 15. Bxd5 Qxd5 16. Qg4 Nd7 17. Rac1 Rfc8 18. Nb3 Nf6 19. Qf4 Rc4 20. Rxc4
Qxc4 21. e4 h6 22. h3 Rd8 23. Rc1 Qe2 24. Qc7 Rd7 25. Qc8+ Kh7 26. e5 Ne4 27.
Qxd7 Qxf2+ 28. Kh1 Ng3+ 29. Kh2 Ne4 30. Qc6 Qf4+ 31. Kh1 Ng3+ 32. Kg1 Ne2+ 33.
Kh1 1/2-1/2

[Event "SVK 3.liga A2"]
[Site "?"]
[Date "2019.10.20"]
[Round "2.1"]
[White "Kastler, Peter"]
[Black "Gajarsky, Julius"]
[Result "1/2-1/2"]
[WhiteElo "1718"]
[BlackElo "1698"]
[PlyCount "93"]
[EventDate "2019.10.06"]

1. d4 f5 2. c4 Nf6 3. g3 e6 4. Bg2 c6 5. Nf3 Be7 6. O-O O-O 7. Nc3 d6 8. b3 Bd7
9. Bb2 Ne4 10. Rc1 Na6 11. d5 e5 12. Nxe4 fxe4 13. Nd2 e3 14. fxe3 Qb6 15.
Rxf8+ Rxf8 16. Nf1 Bg5 17. dxc6 Rxf1+ 18. Kxf1 Bxc6 19. Bxc6 Qxc6 20. Qd5+ Qxd5
21. cxd5 Bxe3 22. Rc4 Bc5 23. a3 b5 24. Rc2 b4 25. axb4 Nxb4 26. Rc4 Nxd5 27.
Rxc5 dxc5 28. Bxe5 c4 29. e4 Ne3+ 30. Ke2 Ng4 31. Bc3 cxb3 32. h3 Nf6 33. Kd3
Kf7 34. e5 Nh5 35. Kc4 Nxg3 36. Kxb3 Ne2 37. e6+ Kxe6 38. Bxg7 Nf4 39. Bd4 a6
40. h4 Kd5 41. Bf6 Kc5 42. Ka4 Nd5 43. Be5 Nb6+ 44. Kb3 Nc4 45. Bf4 Kd4 46. Kb4
h5 47. Bc7 1/2-1/2